| 000 | 03848cam a22006734i 4500 | ||
|---|---|---|---|
| 003 | PE-LiUPU | ||
| 005 | 20250731180143.0 | ||
| 008 | 150706s r 000 0 d | ||
| 020 | _a9786124011115 | ||
| 035 | _a(Sirsi) i9786124011115 | ||
| 040 |
_aPE-LiUPU _bspa _cPE-LiUPU _erda |
||
| 049 | _aPRUA | ||
| 082 | 0 | 4 |
_a510 _bM21 _221 |
| 100 | 1 |
_aMamani, Henry Mark, _eautor. |
|
| 245 | 1 | 0 |
_aEtnomatemática aymara : _btérminos, técnicas y conceptos matemáticos / _cHenry Mark Mamani. |
| 264 | 1 |
_aLima : _bAsamblea Nacional de Rectores, _c2009. |
|
| 300 |
_a479 páginas : _bilustraciones ; _c24 centímetros |
||
| 336 |
_atext _2rdacontent |
||
| 337 |
_aunmediated _2rdamedia |
||
| 338 |
_avolume _2rdacarrier |
||
| 504 | _aincluye bibliografía. | ||
| 505 | 0 | _aAspectos metodológicos -- Historia, cultura y lengua aimara -- Escritura de la lengua aimara -- Matemáticas, etnomatemática aimara y etnomatemática -- Pacha aptapi: organización del espacio -- Jakhunakampj jakhuchawimpi: número y numeración -- Pusi lurjanaka. Las operaciones básicas -- Pachjatanaka tunkaqanaka: fracciones y decimales -- Aymara saltatuqita: etnogeometría aimara -- Tupuñanaka: unidades de medida -- Pacha tupuñanaka: control de tiempo -- Saminaka, yatichaña yananaka -- Colores y materiales educativos -- Afunaka: termino y expresiones matemáticas -- Anti anatanaka: juegos andinos. | |
| 526 | _aSEG44 | ||
| 526 | _aSEG26 | ||
| 526 | _aP159 | ||
| 526 | _aP155 | ||
| 526 | _aP154 | ||
| 526 | _aP153 | ||
| 526 | _aP150 | ||
| 526 | _aP100 | ||
| 526 | _aP31 | ||
| 526 | _aP30 | ||
| 526 | _aP26 | ||
| 526 | _aP25 | ||
| 526 | _aP24 | ||
| 526 | _aP22 | ||
| 526 | _aP15 | ||
| 526 | _aP10 | ||
| 650 | 0 | 4 | _aLengua Aymara. |
| 650 | 0 | 4 | _aMatemática Aymara. |
| 910 |
_bjv _cng _d20110411 |
||
| 942 |
_2ddc _cBOOK |
||
| 949 |
_a371.13 M26 2009 _wDEWEY _c1 _iFJ04908 _lCCODEBUJ1 _mBUJ _p22.00 _r0 _sY _tBOOK _u2015-10-6 _xEDUCACION _PP20 _0COMPRA _o.STAFF. Colección General |
||
| 949 |
_a510.98324 M22 _wDEWEY _c1 _i62812 _lCCODEBUL1 _mBUL _p22.00 _r0 _sY _tBOOK _u2015-7-6 _xEDUCACION _zUNKNOWN _0COMPRA _o.STAFF. Colección General |
||
| 949 |
_a510.98324 M22 _wDEWEY _c2 _i62759 _lCCODEBUL1 _mBUL _p18.00 _r0 _sY _tBOOK _u2015-7-6 _xEDUCACION _zUNKNOWN _0COMPRA _o.STAFF. Colección General |
||
| 949 |
_a510.98324 M22 _wDEWEY _c3 _i62760 _lCCODEBUL1 _mBUL _p18.00 _r0 _sY _tBOOK _u2015-7-6 _xEDUCACION _zUNKNOWN _0COMPRA _o.STAFF. Colección General |
||
| 949 |
_a510.98324 M22 _wDEWEY _c4 _i62811 _lCCODEBUL1 _mBUL _p22.00 _r0 _sY _tBOOK _u2015-7-6 _xEDUCACION _zUNKNOWN _0COMPRA _o.STAFF. Colección General |
||
| 994 |
_aC0 _bPEPRU |
||
| 596 | _a1 3 | ||
| 999 |
_a510 M21 _wDEWEY _c51821 _i62812 _d51821 _f2021-11-5 _g5 _lCCODEBUL1 _mBUL _p22.00 _q1 _r0 _sN _tBOOK _u2015-7-6 _xBIBLIOTECA _zUNKNOWN _0COMPRA _o.STAFF. Colección General |
||
| 999 |
_a510 M21 _wDEWEY _c2 _i62759 _f2021-11-5 _g5 _lCCODEBUL1 _mBUL _p18.00 _r0 _sN _tBOOK _u2015-7-6 _xBIBLIOTECA _zUNKNOWN _0COMPRA _o.STAFF. Colección General |
||
| 999 |
_a510 M21 _wDEWEY _c3 _i62760 _f2021-11-5 _g5 _lCCODEBUL1 _mBUL _p18.00 _r0 _sN _tBOOK _u2015-7-6 _xBIBLIOTECA _zUNKNOWN _0COMPRA _o.STAFF. Colección General |
||
| 999 |
_a510 M21 _wDEWEY _c4 _i62811 _f2021-11-5 _g4 _lCCODEBUL1 _mBUL _p22.00 _r0 _sN _tBOOK _u2015-7-6 _xBIBLIOTECA _zUNKNOWN _0COMPRA _o.STAFF. Colección General |
||
| 999 |
_a371.13 M26 2009 _wDEWEY _c1 _iFJ04908 _f2022-1-18 _g2 _lCCODEBUJ1 _mBUJ _p22.00 _r0 _sY _tBOOK _u2015-10-6 _xEDUCACION _PP20 _0COMPRA _o.STAFF. Colección General |
||
| 980 |
_81 _gALBERTO SANCHEZ Responsable de Automatización |
||